Darts player by picture 3 - Statistics

General Stats
  • This quiz has been taken 247 times
  • The average score is 12 of 16
Answer Stats
Picture Answer % Correct
Nathan Aspinall
97%
James Wade
93%
Raymond van Barneveld
93%
Ricky Evans
90%
Josh Rock
88%
Dave Chisnall
84%
Simon Whitlock
84%
Joe Cullen
79%
Martin Schindler
79%
Jermaine Wattimena
78%
Ross Smith
75%
Andrew Gilding
74%
Scott Williams
68%
Madar Razma
63%
Noa-Lynn van Leuven
54%
Dennis Priestley
37%
No matching quizzes found
Score Distribution
Percent of People with Each Score
Percentile by Number Answered
Your Score History
You have not taken this quiz